[Event "Belgrade GMA op"]
[Site "Belgrade"]
[Date "1988.??.??"]
[Round "?"]
[White "Schmidt, Wlodzimierz"]
[Black "Romanishin, Oleg M"]
[Result "1-0"]
[WhiteElo "2465"]
[BlackElo "2550"]
[Annotator "Stohl,I"]
[PlyCount "103"]
[EventDate "1988.12.??"]
[EventType "swiss"]
[EventRounds "9"]
[EventCountry "YUG"]
[SourceTitle "TD"]
[Source "ChessBase"]
[SourceDate "1994.03.01"]
[SourceVersion "1"]
[SourceVersionDate "1994.03.01"]
[SourceQuality "1"]

1. Nf3 Nf6 2. c4 e6 3. Nc3 Bb4 4. Qc2 c5 5. a3 Ba5 6. g3 Nc6 7. Bg2 O-O 8. O-O
Qe7 9. Rb1 Bxc3 $5 (9... d6 10. Na2 $14) (9... Rd8 $142 $5 10. d3 h6 11. Na2 d5
$132 {Schmidt,Wl}) 10. Qxc3 e5 11. d3 h6 12. b4 $14 d6 13. Bb2 Re8 14. Rfe1 $5
(14. Ne1 {/\Nc2, R be1} Nd4 15. Qd2 Bg4 16. f3 $14) 14... Bg4 15. Ba1 Rac8 16.
h3 Bf5 17. Nd2 b6 18. e3 Qd7 19. Kh2 cxb4 $6 (19... Nd8 $5) 20. axb4 d5 $5 (
20... b5 $6 21. Qa3 $5 bxc4 22. b5 Ne7 23. Nxc4 $16 {Schmidt,Wl}) 21. cxd5 Nxd5
22. Bxd5 $1 (22. Qa3 $36) 22... Qxd5 23. e4 Qd7 24. exf5 Nd4 25. Qa3 Nc2 26.
Qb3 Nxe1 27. Rxe1 Qxf5 28. Kg2 (28. Ne4 $5) 28... Rcd8 29. Re3 $14 Qe6 (29...
Rd7 $5) 30. Rxe5 (30. Qa3 $5 $14) 30... Qc6+ (30... Qxb3 $1 31. Rxe8+ Rxe8 32.
Nxb3 Re1 33. Bc3 Rd1 34. Bd2 (34. Nd2 Rc1 35. Bd4 a5 $132) 34... a5 $1 35. bxa5
bxa5 36. Bxa5 Rxd3 $14) 31. Nf3 Rxe5 32. Bxe5 $14 a5 33. b5 $5 Qd5 34. Qb2 f6
$8 35. Bc7 $1 Rd7 36. Bxb6 Rb7 37. Bxa5 Rxb5 38. Bb4 Qxd3 39. Qa2+ Kh7 (39...
Qd5 $142 $5) 40. Bd2 Qe4 41. Qa3 Qd5 (41... h5 $5 {Schmidt,Wl}) 42. Be3 h5 43.
Qa4 $1 Rb7 44. g4 $16 hxg4 45. hxg4 g5 $2 (45... Re7 46. Kg3 $16) 46. Qe8 $1
$18 {׻} Kg7 (46... Qf7 47. Qxf7+ Rxf7 48. Bxg5 Rg7 49. Bxf6 Rxg4+ 50. Kf1 Rf4
51. Ng5+ Kg6 52. Be7 $18) 47. Bd4 Rf7 (47... Qd7 $2 48. Qxd7+ Rxd7 49. Nxg5 $1
{Schmidt,Wl}) 48. Qe3 {/\Qg5} Kg8 49. Kg1 Qc6 $6 (49... Qd7 50. Qe4 Kf8 51.
Bc5+ Kg7 52. Nd4 $18) 50. Nxg5 $1 Rc7 (50... fxg5 51. Qxg5+ Kf8 (51... Kh7 52.
Qh5+) 52. Bc5+ Ke8 53. Qg8+) 51. Bxf6 $1 Qxf6 52. Qe8+ (52. Qe8+ Kg7 53. Ne6+
Kh7 54. Nxc7 $18) 1-0

[Event "Linares 19th"]
[Site "Linares"]
[Date "2002.03.07"]
[Round "11"]
[White "Vallejo Pons, Francisco"]
[Black "Adams, Michael"]
[Result "1/2-1/2"]
[WhiteElo "2629"]
[BlackElo "2742"]
[Annotator "Stohl,I"]
[PlyCount "82"]
[EventDate "2002.02.22"]
[EventType "tourn"]
[EventRounds "14"]
[EventCountry "ESP"]
[EventCategory "20"]
[SourceTitle "CBM 088"]
[Source "ChessBase"]
[SourceDate "2002.03.21"]
[SourceVersion "1"]
[SourceVersionDate "2002.03.21"]
[SourceQuality "1"]

1. Nf3 Nf6 2. c4 e6 3. Nc3 c5 4. g3 b6 5. Bg2 Bb7 6. O-O Be7 7. Re1 Ne4 $5 {
A very solid alternative to the more usual} (7... d6) 8. Nxe4 Bxe4 9. d3 Bb7
10. e4 O-O {Adams perhaps wants to keep more tension in the position against a
nominally weaker player. A more reliable road to equality, albeit leading to
sterile positions is} (10... Nc6 11. d4 Nxd4 (11... cxd4 12. Nxd4 O-O 13. Nb5
$5 {()} d6 14. Bf4 Ne5 15. b3 a6 16. Nc3 Bc6 17. Qe2 Qb8 18. a4 Bf6 19. Rac1
Rd8 20. h4 $14 {Znamenacek,K-Navara,D/CZE-chT/1999/}) 12. Nxd4 cxd4 13. Qxd4
O-O 14. Rd1 (14. Bf4 d6 15. Qd3 Qc7 16. Rac1 a5 17. Red1 Rfd8 18. Be3 Bc6 19.
Qb3 Rab8 20. Bd4 Qb7 21. Re1 e5 22. Bc3 a4 23. Qd1 f5 $132 {Kortschnoj,
V-Ftacnik,L/Ostrava/1994/}) 14... d6 15. Qe3 Qc7 16. b3 Qc5 17. Qe2 Bf6 18. Be3
Qc7 19. Bd4 Be7 20. Bb2 Rad8 21. Rd3 Bc6 22. Rad1 b5 23. R3d2 Qb7 24. cxb5 Bxb5
25. Qe3 Rd7 26. Ba3 Rfd8 27. Bxd6 Rxd6 28. Rxd6 Rxd6 29. Rxd6 Bxd6 30. e5 Qa6
31. exd6 Qxd6 32. h4 a6 $11 {Tukmakov,V-Gheorghiu,F/Crans Montana/2000/}) 11.
d4 cxd4 12. Nxd4 $11 {/+/= White has managed to keep an extra pair of minor
pieces on the board, which slightly increases his chances in a position with a
(). The N will yet play an importsant role in the game.} d6 (12... Nc6 13. Nb5
$142 $5 {-10...Nc6} (13. Bf4 Bc5 $5 14. Nxc6 (14. Nb5 e5 $1 15. Be3 d6 $11)
14... Bxc6 15. Bd6 Bxd6 16. Qxd6 Qb8 17. Rad1 Qxd6 18. Rxd6 Rfd8 19. Red1 Kf8
20. e5 Bxg2 21. Kxg2 Ke7 22. f4 Rac8 23. R6d4 f6 24. exf6+ Kxf6 25. b3 Ke7 26.
a4 Rc5 27. h4 h5 $11 {Ibragimov,I-Tiviakov,S/RUS-ch Elista/1997/})) 13. b3 (13.
Be3 a6 (13... Nd7 14. f4 a6 15. f5 e5 16. Nc2 Rc8 17. b3 Nf6 18. Bf2 b5 19.
cxb5 axb5 20. Nb4 Qc7 21. g4 h6 22. h4 Qd8 23. Re3 Re8 24. g5 d5 $5 25. Nxd5
Nxd5 26. exd5 {Filippov,V-Virovlansky,S/St Petersburg/2000/} Bc5 $44) 14. Rc1
Nd7 15. f4 Rc8 16. Bf2 Qc7 (16... Re8 17. Qd2 (17. b3 Bf8 18. f5 $6 Ne5 19. a4
exf5 20. Nxf5 b5 21. axb5 axb5 22. Ne3 g6 $15 {Malakhatko,V-Staniszewski,P/
Swidnica/1999/}) 17... Bf8 18. b4 $6 e5 19. Nf5 Re6 20. Qd3 a5 21. a3 axb4 22.
axb4 Nf6 23. Nh4 exf4 24. gxf4 Qc7 25. Nf5 Rce8 $13 {Arsovic,Z-Pavlovic,M/
Belgrade/1989/}) 17. Qe2 Rfe8 18. Nb3 Nc5 19. Nxc5 bxc5 20. h4 Bc6 21. g4 Qb7
22. g5 Rb8 23. b3 a5 24. Bh3 a4 25. Rc3 axb3 26. axb3 Ra8 27. Re3 Bf8 28. h5
Ra3 29. Rb1 Qa8 30. g6 Ra2 $132 {Lastin,A-Virovlansky,S/Bor/2000/}) 13... a6
14. Be3 ({A natural and equivalent alternative was} 14. Bb2 Nd7 15. Rc1 Qc7 16.
Rc2 Rad8 17. Qg4 Bf6 (17... Nf6 $142 $5 $11 {/+/=}) 18. Rd2 Rfe8 19. Red1 g6
20. Re1 Bg7 21. Qd1 Nc5 22. Qb1 Qb8 23. Nc2 $1 Bxb2 24. Qxb2 Qc7 25. Ne3 Qe7
26. b4 Na4 27. Qb3 b5 28. Bf1 $36 {Kavalek,L-Hecht,H/Bundesliga 8586/1985/})
14... Nd7 15. f4 Re8 16. Bf2 Qc7 (16... Rc8 17. Rc1 {transposes into
Malakhatko,V-Staniszewski,P/Swidnica/1999/}) 17. Rc1 Bf6 18. Qd2 Rad8 19. g4
Nc5 (19... g6 $142 20. g5 Bg7 $13 {/\e5<=>}) (19... e5 20. Nf5 $142 $1 (20. g5
Be7 (20... Bxg5 $5 21. fxg5 exd4 $13) 21. Nf5 exf4 22. Qxf4 Ne5 $132) 20...
exf4 (20... Nc5 21. g5 Be7 22. Nxe7+ Qxe7 23. b4 Na4 24. f5 $40 {()}) 21. Qxd6
$36) 20. b4 g6 $1 (20... Nd7 21. g5 Be7 22. f5 $14 {|^}) 21. Nc2 $1 (21. g5 Bg7
22. Qc2 Nd7 23. f5 $6 Be5 $15) 21... Nd7 22. g5 Bg7 (22... Be7 23. Ne3 f6 (
23... e5 24. Nd5 $16) 24. f5 $1 $16) 23. Ne3 h5 $2 (23... f5 $142 $5 24. exf5 (
24. gxf6 Nxf6 25. Qd3 Nh5 $36) (24. Qd3 fxe4 25. Bxe4 Bxe4 26. Qxe4 a5 $1 $15 {
/\} 27. a3 $2 Bb2) 24... gxf5 25. Red1 Nf8 $132) 24. gxh6 Bxh6 25. Ng4 Bf8 (
25... Bg7 26. Bh4 Rc8 (26... f6 27. Red1 {[%csl Rd6,Rf6] ><f6,d6}) 27. Red1 $16
) 26. Bh4 Rc8 (26... Be7 27. Bxe7 Rxe7 28. Red1 f5 29. e5 $5 (29. Nf2 $16)
29... dxe5 30. Nxe5 Bxg2 31. Kxg2 $16 {[%cal Gd1d8] <->d}) 27. Bg5 $1 a5 28. a3
axb4 29. axb4 Ba6 (29... f5 $142 $5 30. Nf2 $36) 30. f5 $1 $40 Bxc4 (30... exf5
31. exf5 $16 {/\} gxf5 32. Nf6+ Nxf6 33. Bxf6 $18) 31. f6 {[%cal Yg4h6,Yd2f2,
Yf2h4] /\Nh6,Qf2-h4->} Ne5 32. Nh6+ Bxh6 (32... Kh7 33. Qf4 Nd3 34. Qh4 Nxe1
35. Nxf7+ Kg8 36. Qh8+ Kxf7 37. Qh7+ $18) 33. Bxh6 $18 {[%cal Rh6g7,Rd2h6] /
\Bg7,Qh6} b5 $1 {[%mdl 320] The last tactical chance to save a hopeless
position} 34. Bg7 (34. h3 $142 Qa7+ 35. Kh1 $18) (34. Rc3 Ng4 35. Rf3 $18)
34... Qb6+ 35. Kh1 Ng4 36. h3 $2 (36. Rc2 $1 Bb3 37. Rb2 Bc2 (37... Rc2 38.
Rxc2 Bxc2 39. h3 Qf2 40. Re2 Qh4 41. Qxc2 {-37...Bc2}) 38. h3 Qf2 39. Re2 Qh4
40. Rxc2 Rxc2 41. Qxc2 Nxf6 42. Bxf6 Qxf6 43. e5 dxe5 44. Qc3 $18) 36... Qf2 $1
37. Qg5 Be2 $1 $132 38. hxg4 (38. Rxe2 Rxc1+ 39. Qxc1 Qxe2 40. hxg4 Qxg4 41.
Qh6 Qh5+ 42. Qxh5 gxh5 43. Bf1 Ra8 44. Bxb5 Rb8 $11 {/=/+ can already be
better only for Black, so White resigns himself to a draw.}) 38... Bf3 $11 39.
Bxf3 Qxf3+ 40. Kh2 Qf2+ 41. Kh1 (41. Kh3 Qf3+ 42. Kh4 Qf2+ $11) 41... Qf3+
1/2-1/2

[Event "Dresden op 06th"]
[Site "Dresden"]
[Date "1997.??.??"]
[Round "9"]
[White "Uhlmann, Wolfgang"]
[Black "Lau, Ralf"]
[Result "1-0"]
[WhiteElo "2485"]
[BlackElo "2495"]
[Annotator "Teske,H"]
[PlyCount "99"]
[EventDate "1997.07.??"]
[EventType "swiss"]
[EventRounds "9"]
[EventCountry "GER"]
[SourceTitle "EXT 1998"]
[Source "ChessBase"]
[SourceDate "1997.11.17"]
[SourceVersion "1"]
[SourceVersionDate "1997.11.17"]
[SourceQuality "1"]

1. c4 Nf6 2. Nc3 e6 3. Nf3 b6 4. e4 Bb7 5. d3 d6 6. g3 c5 7. Bg2 Be7 8. O-O O-O
9. Re1 a6 10. d4 $5 (10. b3 {/\ 11.Bb2}) 10... cxd4 11. Nxd4 Qc7 12. Qe2 Nbd7
13. Bd2 (13. b3 $2 b5) 13... Rac8 14. b3 Rfe8 15. Rac1 Bf8 (15... Qb8 {/\
Be7-d8-c7}) 16. g4 h6 17. h3 Qb8 18. Nc2 Qa8 $6 19. h4 $1 g6 (19... d5 20. e5
Nh7 21. cxd5 exd5 22. f4 $14) 20. g5 hxg5 21. hxg5 Nh5 $6 (21... Nh7) 22. Bf3
Ng7 23. Ne3 Ne5 24. Ng4 Nxg4 25. Bxg4 Bc6 $6 (25... b5 26. cxb5 axb5 27. Qxb5)
26. a4 Rb8 27. Qd3 Qb7 28. b4 Red8 $6 (28... b5 29. axb5 axb5 30. cxb5 Bxb5 31.
Nxb5 Qxb5 32. Qxb5 Rxb5 $16) 29. b5 axb5 30. axb5 Bd7 31. Bf3 Ne8 32. Bf4 Qc7
33. Na2 Qc5 34. Be3 Qc8 35. Qd2 Be7 36. Kg2 f6 37. Bf4 Qc5 38. Nb4 Qc8 39. Rh1
Kg7 40. gxf6+ Bxf6 41. Rh6 Rb7 (41... e5 42. Bg5 Rb7 43. Bh5) 42. e5 $1 dxe5
43. Be3 Rc7 44. Qd3 Bxb5 45. Qxg6+ Kf8 46. cxb5 Rxc1 47. Nc6 Rdd1 48. Bxc1 Rxc1
49. Rh7 Bg7 50. Rxg7 (50. Rxg7 Nxg7 51. Qf6+ Ke8 (51... Kg8 52. Ne7+) 52. Qe7#)
1-0

[Event "Corus"]
[Site "Wijk aan Zee"]
[Date "2001.01.20"]
[Round "6"]
[White "Topalov, Veselin"]
[Black "Tiviakov, Sergei"]
[Result "1/2-1/2"]
[WhiteElo "2718"]
[BlackElo "2597"]
[Annotator "Tiviakov,S"]
[PlyCount "51"]
[EventDate "2001.01.13"]
[EventType "tourn"]
[EventRounds "13"]
[EventCountry "NED"]
[EventCategory "19"]
[SourceTitle "CBM 081"]
[Source "ChessBase"]
[SourceDate "2001.03.20"]
[SourceVersion "1"]
[SourceVersionDate "2001.03.20"]
[SourceQuality "1"]

1. Nf3 Nf6 2. c4 b6 3. g3 Bb7 4. Bg2 e6 5. O-O Be7 6. Nc3 O-O 7. Re1 Ne4 8.
Nxe4 Bxe4 9. d3 Bb7 10. d4 (10. e4) 10... Be4 $1 11. Nh4 (11. d5 exd5 (11...
Bf6 12. Nd2 Bxg2 13. Kxg2 d6 14. Ne4 Nd7 15. Qc2 Nc5 16. Nxc5 bxc5 17. dxe6 {
1/2-1/2 Portisch,L-Karpov,A/Milan 1975/MCL (17)}) 12. cxd5 Bf6 (12... c5 13.
Bf4 d6 14. Rc1 Nd7 15. Nd4 Bxg2 16. Nc6 Qe8 17. Kxg2 Nb8 18. Nxe7+ Qxe7 19. Rc3
Nd7 20. Re3 Qf6 21. Qa4 Rfd8 22. Rc3 Qe7 23. Re3 Qf6 24. Rc3 Qe7 25. Qa6 Nf8
26. Rd1 Ng6 27. Bc1 Rab8 28. a4 Qb7 29. Qc4 a6 30. b4 b5 31. axb5 axb5 32. Qb3
c4 33. Qc2 Re8 34. Bb2 Re7 35. Ra3 Rbe8 36. Rd2 Qd7 37. f3 Qb7 38. Ba1 Ra8 39.
Qc3 f6 40. Kf1 Qc8 41. Rda2 Qh3+ 42. Kg1 Rae8 43. Qe1 h5 44. Ra8 Qf5 45. Qd1 h4
46. R2a3 hxg3 47. hxg3 Qh3 48. Qe1 Kf7 49. Rxe8 Rxe8 50. Qf2 Qf5 51. Ra7+ Kg8
52. e4 Qg5 53. Kh2 Qh6+ 54. Kg2 Qg5 55. Kh2 Qh6+ 56. Kg2 Qg5 {1/2-1/2 Csom,
I-Spassov,L/Hamburg 1977/MCL (56)}) 13. Nd2 Bxg2 14. Kxg2 Re8 15. Rb1 (15. e4 {
17/37}) (15. Qc2 {17/37}) 15... Na6 16. f3 c6 $1 17. dxc6 (17. Ne4 $6 Rxe4 $1
18. fxe4 Qe7 19. Qd3 Nc5 20. Qf3 Nxe4 $15 {17/37}) 17... dxc6 18. Ne4 Be7 19.
Qa4 Nb4 20. a3 b5 21. Qb3 Qd5 {1/2-1/2 Petrosian,T-Portisch,L/Palma de
Mallorca 1974/Candidates/Inf 17/37}) (11. Bh3 c5 12. d5 exd5 13. Nd2 Bf6 14.
Nxe4 dxe4 15. Bf5 Re8 16. Rb1 Qe7 17. Bf4 Nc6 18. Qxd7 Nd4 19. Qxe7 Rxe7 20.
Bg4 g6 21. Bd6 {1/2-1/2 Kogan,A-Ikonnikov,V/Paris 1998/EXT 2000 (21)}) (11. Bf1
$6 c5 12. Nd2 Bc6 13. dxc5 bxc5 14. b3 a5 15. Bb2 a4 16. e4 Na6 17. Qg4 f6 18.
Qd1 Nb4 19. a3 Na6 20. Bc3 axb3 21. Qxb3 Nc7 22. Qa2 e5 23. Bg2 Ne6 24. Nf1 Bd6
25. Ne3 Bc7 26. Rf1 Ba5 27. Bb2 Nd4 28. Rad1 Ne2+ 29. Kh1 Nc3 30. Bxc3 Bxc3 31.
Rd3 Bd4 32. Qe2 Ra4 33. f4 Qe8 34. Nf5 g6 35. Ne3 exf4 36. Rxf4 Qe6 37. h4 Be5
38. Rg4 Rb8 39. Qd1 Rb2 40. Qc1 Rxg2 41. Kxg2 f5 {0-1 Sokolin,L-Tiviakov,S/New
York 1998/CBM 64 (41)}) (11. Bf4 Bf6 12. Qd2 d6 13. Rad1 Nd7 14. Qe3 d5 15. b4
c6 16. Rc1 b5 17. cxb5 cxb5 18. Bc7 Qe8 19. Ne5 Bxg2 20. Kxg2 Nb6 21. Bxb6 axb6
22. Nc6 Rc8 23. Ne5 Qe7 24. Rxc8 Rxc8 25. Rc1 Rxc1 26. Qxc1 Qxb4 27. Qc8+ {
1/2-1/2 Hjartarson,J-Stefansson,H/Reykjavik 1995/CBM 51 (27)}) 11... Bxg2 12.
Nxg2 d5 (12... d6 13. e4 $14 {()} Nd7 14. d5 Bf6 15. Nf4 Qe7 16. a4 a5 17. Nh5
Rfe8 18. Ra3 Qf8 19. f4 Bd8 20. g4 g6 21. Ng3 Bf6 22. Rf3 Bg7 23. b3 Qe7 24. g5
Nc5 25. Kg2 Qd7 26. Bd2 Re7 27. dxe6 Rxe6 28. f5 Ree8 29. Bf4 Qc6 30. Rfe3 Be5
31. Qd5 Qb7 32. Qxb7 Nxb7 33. Ne2 Nc5 34. Kf3 Re7 35. h4 Rae8 36. f6 Re6 37.
Bxe5 Rxe5 38. Nd4 h6 39. Nc6 hxg5 40. Nxe5 Rxe5 41. hxg5 Rxg5 42. e5 Rf5+ 43.
Kg4 dxe5 44. Rf3 Rh5 45. Rh3 Rf5 46. Rf3 Rh5 47. Rd1 Ne6 48. Rff1 e4 49. Kg3
Rg5+ 50. Kf2 Rh5 51. Ke3 Rh3+ 52. Kxe4 Rxb3 53. Kd5 Rc3 54. Rd2 c6+ 55. Kd6
Rxc4 56. Rh2 Nf4 57. Rh4 g5 58. Rg1 Rd4+ 59. Kxc6 Rc4+ 60. Kb7 {1-0 Vaganian,
R-Dokhoian,Y/Tilburg 1994/CBM 44 (60)}) 13. cxd5 $146 (13. Qa4 dxc4 14. Qxc4 c5
15. dxc5 Bxc5 16. Be3 Nd7 {1/2-1/2 Savchenko,S-Tiviakov,S/Jakarta 1997/CBM 58
ext (16)}) 13... Qxd5 14. e4 (14. Nf4 Qd7 $11) 14... Qd7 15. Nf4 (15. Bf4 $5 {
/\Rc1}) 15... Rd8 $1 16. Be3 Nc6 17. Ne2 (17. d5 exd5 18. Nxd5 Nb4 $11) 17...
Bf6 $1 18. e5 Be7 {[/\Nc6-b4, ><d5]} 19. a3 Bf8 20. Qc2 (20. Rc1 Ne7 $11) 20...
Ne7 21. Bg5 Rdc8 $5 22. Bxe7 Bxe7 23. Rad1 c5 24. Qb3 (24. dxc5 Qe8 $11) 24...
cxd4 25. Rxd4 (25. Nxd4 Qe8 $5 {/\Rc5}) 25... Qc7 26. Nf4 $11 {[26...Qc2=]}
1/2-1/2

[Event "ISR-ch sf"]
[Site "Ramat Aviv"]
[Date "2000.08.??"]
[Round "?"]
[White "Tsesarsky, Ilya"]
[Black "Huzman, Alexander"]
[Result "0-1"]
[WhiteElo "2489"]
[BlackElo "2574"]
[Annotator "Tsesarsky,I"]
[PlyCount "94"]
[EventDate "2000.08.16"]
[EventType "swiss"]
[EventRounds "9"]
[EventCountry "ISR"]
[SourceTitle "CBM 078"]
[Source "ChessBase"]
[SourceDate "2000.10.18"]
[SourceVersion "1"]
[SourceVersionDate "2000.10.18"]
[SourceQuality "1"]

1. Nf3 Nf6 2. c4 e6 3. Nc3 Bb4 4. g3 O-O 5. Bg2 d5 6. a3 Bxc3 7. dxc3 (7. bxc3
c5 8. O-O Nc6 9. cxd5 exd5 10. d3 h6 11. Qc2 Re8 12. h3 b6 13. Re1 Bb7 14. Bf4
Qe7 15. g4 $13 {Mikhalchishin,A-Kohlweyer,B Groningen op 1990 CBM/22}) 7...
Nbd7 (7... dxc4 $6 8. Qxd8 Rxd8 9. Ne5 {[%csl Gg2]} Nbd7 10. Nxc4 Nb6 11. Na5
$14 {[%csl Ga5,Rb7]}) 8. cxd5 exd5 9. O-O Re8 (9... c6 10. Qc2 Nb6 (10... Re8
$5) 11. a4 Re8 12. b3 (12. Bf4) 12... Bg4 13. a5 Nbd7 14. a6 b6 15. c4 Ne5 16.
Bb2 Nxf3+ 17. exf3 Be6 18. f4 {1/2-1/2 Adorjan,A-Romanishin,O/Rubinstein mem
1991 (26)}) (9... Nb6 $6 10. a4 $1 c6 11. b3 Bf5 12. a5 Nbd7 13. c4 Be4 14. Bb2
Re8 15. Qd2 dxc4 16. bxc4 Qe7 17. Rfd1 c5 18. Qf4 Bc6 19. Bf1 $1 Nf8 20. Ne5
Be4 21. Ng4 Nxg4 22. Qxg4 $14 {Gurevich,M-Makarov,M/Helsinki op 1992/1/2-1/2 
(83)}) 10. Qc2 (10. Bf4 Nf8 (10... c6 11. Qc2 Nb6 (11... Qe7 $5) 12. a4 Nc4 13.
Nd4 Bg4 14. b3 Nd6 15. Rfe1 Bh5 16. Rad1 Bg6 17. Qc1 $11 {1-0 Eingorn,
V-Popovic,P/Bor 1985/Inf 40/ (57)}) (10... Nc5 $11 {[%csl Ye4][%cal Yf6e4,
Yc5e4]} 11. Bg5 (11. Qc2 $5) 11... c6 {[%csl Rg2] See comments to the game 
0-1 Taimanov,M-Yemelin,V/St Petersburg 1998/CBM 65/[Ribli] (47)}) 11. c4 c6 12.
Rc1 Qb6 13. cxd5 Nxd5 14. Be5 Bg4 15. Bd4 Qb5 16. Re1 Ne6 17. a4 Qb4 18. Bc3
Nxc3 19. bxc3 Qa5 $132 {1-0 Eliskases-Cruz,R/Buenos Aires ch-ARG 1960 (59)})
10... Qe7 (10... Nc5 11. c4 (11. Bg5 Nce4 12. Bxf6 Nxf6 13. c4 dxc4 14. Qxc4 c6
{1/2-1/2 Adorjan,A-Romanishin,O/Polanica Zdroj 1992/(14)}) 11... dxc4 12. Qxc4
Qe7 13. b4 {1/2-1/2 Ribli,Z-Timman,J/Amsterdam OHRA 1986] (13)}) (10... c6 11.
c4 (11. Bf4) 11... dxc4 12. Qxc4 Qe7 13. Re1 Ne5 14. Nxe5 Qxe5 15. e4 Qh5 16.
f3 Bh3 17. Be3 Bxg2 18. Kxg2 Nd7 19. Bd4 Nf8 20. Rad1 Ne6 21. Be3 $14 {0-1
Kalinichev,S-Romanishin,O/BL2N 1993/ (53)}) 11. Re1 (11. Bf4 c6 12. Rfe1 Ne4
13. Nd2 (13. a4 Ndf6 14. Nd4 Bd7 15. f3 Nd6 16. e4 dxe4 17. Rad1 Rad8 18. b4
Nc4 19. fxe4 c5 $132 {1/2-1/2 Hughes,A-Horwitz,D/cr IECG Cat- 1995/(47)}) 13...
Ndf6 14. Nxe4 Nxe4 15. Bxe4 (15. c4 $5) 15... Qxe4 16. Qxe4 Rxe4 17. Rad1 $11 {
1/2-1/2 Greenfeld,A-Romanishin,O/Debrecen 1992/Inf 56/(22)}) 11... Ne4 $6 $14 (
{Much better was} 11... Nb6 12. a4 a5 (12... Bg4 13. a5 Nc4 14. b3 Nd6 15. Ba3
$14) 13. Be3 Nc4 14. Bf4 Bg4 15. b3 Nd6 $132) 12. Nd2 $1 {And White will play
c3-c4, opening the game for pair of BB.} (12. c4 $2 Qc5 $15) 12... Ndf6 13.
Nxe4 Nxe4 14. Be3 Bf5 15. Qb3 c6 16. c4 Be6 17. Qc2 Bf5 $2 {[%mdl 8192]
Incorrect P sacrifice.} ({Better was} 17... Nd6 18. cxd5 Bxd5 19. Bxd5 cxd5 20.
Rad1 Nc4 21. Bd4 $14) 18. Qa4 $2 {[%mdl 8192]} ({Why not} 18. cxd5 $1 Nxg3 (
18... cxd5 19. Qb3 Be6 20. Bd4 $16) 19. Qa4 Ne4 20. dxc6 bxc6 21. Qxc6 Rac8 22.
Qa4 $16) 18... Be6 19. Qc2 Bf5 20. Qa4 (20. cxd5 $16) 20... Be6 21. Rac1 $6 {
I decided to play for winning and immediately put mistake.} (21. b4 a6 $1 $132)
(21. f3 Nd6 (21... Nc5 22. Qb4 b6 23. cxd5 cxd5 24. Rac1 Rac8 25. Bd4 $14) 22.
cxd5 cxd5 $132 (22... Bxd5 23. Bf2 f5 24. e4 fxe4 25. fxe4 Be6 $14 (25... Nxe4
26. Rxe4 Bxe4 27. Re1 Qf6 28. Bxe4 Qxb2 29. Rb1 Qe5 30. Bd3 $14))) (21. Qc2 $5
Bf5 {And position is repeated 3 times.}) 21... f5 $1 22. cxd5 (22. f3 Nd6 23.
cxd5 Bxd5 24. Bf2 $11) 22... Bxd5 23. Red1 Qf7 24. Rd3 Nf6 25. Bxd5 $2 $17 {
[%mdl 16384] Black Nd5 is very strong, Black has convenient play in the center
and Kingside, White B can't take part in the struggle...} (25. f3 $132) 25...
Nxd5 {[%csl Gd5,Re3]} 26. Qb3 Re6 27. Rc2 (27. Rc4 Rae8 28. Bxa7 Rxe2 (28... b5
$6 29. Rxc6 Rxc6 30. Rxd5 $44) 29. Rc1 f4 $17) 27... a6 (27... Rae8 $6 28. Bxa7
Rxe2 29. Rxe2 Rxe2 30. Kf1 $11) 28. Bc5 Rae8 $2 $132 ({Right was} 28... f4 $1
29. e3 $5 fxe3 (29... f3 30. e4 Rxe4 31. Rxf3 $11) 30. fxe3 (30. Bxe3 Rae8 31.
Re2 (31. Rcd2 Nxe3 32. fxe3 Rf8 $17) 31... Qf3) 30... Rae8 $17 {[%csl Re3,Rg1]}
) 29. e3 $1 Re4 30. Rc4 h5 31. f3 R4e6 32. Kf2 $6 ({Better was} 32. a4 $1 {
[%csl Gc5]} b5 33. axb5 axb5 34. Rc2 h4 35. Rg2 $1 $11) 32... b6 33. Bxb6 (33.
Bd4 c5 34. Bxc5 bxc5 35. Rxd5 Rxe3 $19) 33... Rb8 34. Rxd5 cxd5 35. Rb4 Rc6 {
[#]} 36. Bd4 $4 {The last mistake in the game. I missed QQ change after 38 move
} ({I calculated} 36. Bc5 $3 Rbc8 (36... Rxb4 37. Qxb4 (37. Bxb4 d4 $17) 37...
Qc7 38. Qa4 $1 a5 (38... Kh7 39. Qh4 g6 40. b4 $44) (38... Rxc5 39. Qe8+ Kh7
40. Qxh5+ $11) 39. b4 axb4 40. axb4 $44) 37. Rb7 Qe6 (37... R8c7 38. Rxc7 Rxc7
(38... Qxc7 39. Qxd5+ $16) 39. Qb8+ Kh7 40. b4 $44) 38. Bd4 Rc2+ 39. Kg1 Rc1+
40. Kg2 R1c2+ (40... R8c2+ $2 41. Kh3 {Here I stopped further calculation, I
was shure, atter} f4+ {will be mate, but} 42. Kh4 $3 {And White has advantage!}
Rxh2+ 43. Kg5 Qh6+ (43... fxg3 44. Rxg7+ Kf8 45. Rg6 Qe7+ 46. Kh6 $18) 44. Kf5
Qh7+ 45. Ke5 Rc8 46. Qxd5+ Kh8 47. Rxg7 $18) (40... f4 41. Rxg7+ Kf8 42. Qb4+
Ke8 43. Qa4+ R8c6 44. gxf4 R1c2+ 45. Kh1 Qh3 46. Rg8+ Kd7 47. Rg7+ Kc8 48. Rg8+
$11) 41. Kg1 (41. Kh3 f4+ 42. Kh4 Rxh2+ 43. Kg5 Qh6+ 44. Kf5 Rf8+ 45. Ke5 Rd8
$19) 41... Rc1+ 42. Kg2 $11) 36... Rxb4 37. Qxb4 Rc2+ 38. Kg1 Qc7 {[%cal Gc2c1,
Gc7c4,Gc4f1]} 39. Qa4 (39. Bc3 Qc4 40. Qxc4 dxc4 41. e4 fxe4 42. fxe4 Re2 43.
e5 g5 $19) 39... Rc1+ 40. Kg2 Qc2+ 41. Qxc2 Rxc2+ 42. Kh3 g5 43. g4 hxg4+ 44.
fxg4 f4 45. exf4 Rc4 46. Be5 gxf4 47. Kg2 Re4 (47... Re4 48. Bd6 (48. Bf6 d4
49. Kf3 d3 50. Bc3 Re2 51. h4 Rh2 $19) 48... d4 49. Kf3 d3 50. Bb4 Re2 51. h4
Rxb2 52. h5 d2 $19) 0-1